Sử Trung Quốc từ đầu tới cuối Ngũ đại; T2

Guardat en:
Dades bibliogràfiques
Autor principal: Nguyễn Hiến Lê
Format: Llibre
Idioma:Undetermined
Publicat: H. Văn Hoá 1997
Matèries:
Etiquetes: Afegir etiqueta
Sense etiquetes, Sigues el primer a etiquetar aquest registre!
Thư viện lưu trữ: Trung tâm Học liệu Trường Đại học Cần Thơ
LEADER 00512nam a2200181Ia 4500
001 CTU_53261
008 210402s9999 xx 000 0 und d
082 |a 951 
082 |b L250/T2 
100 |a Nguyễn Hiến Lê 
245 0 |a Sử Trung Quốc từ đầu tới cuối Ngũ đại; T2 
245 0 |c Nguyễn Hiến Lê 
260 |a H. 
260 |b Văn Hoá 
260 |c 1997 
650 |a china 
650 |x history 
980 |a Trung tâm Học liệu Trường Đại học Cần Thơ